| 000 | 01680nam1a2200325 i 4500 | ||
|---|---|---|---|
| 001 | RU\NLR\BIBL_A\012505809 | ||
| 005 | 20241110063104.0 | ||
| 035 | _a(NLR Aleph) 012505809 | ||
| 090 |
_a12251504 _c12251504 |
||
| 100 | _a20210419g2019 k y0rusy50 ca | ||
| 101 | 0 | _arus | |
| 102 | _aRU | ||
| 105 | _a||||z|||1|||| | ||
| 181 | 0 |
_ai _baxxe |
|
| 182 | 0 | _an | |
| 200 | 1 |
_aXII Всероссийский съезд по фундаментальным проблемам теоретической и прикладной механики, Уфа, 19-24 августа 2019 г. _eсборник трудов _eв 4 томах |
|
| 203 |
_aТекст _bвизуальный _cнепосредственный |
||
| 210 |
_aУфа _cРИЦ БашГУ _d2019 |
||
| 215 | _d21 | ||
| 313 | _a10 съезд 2011 г. | ||
| 532 | 1 | 0 | _aДвенадцатый Всероссийский съезд по фундаментальным проблемам теоретической и прикладной механики, Уфа, 19-24 августа 2019 г. |
| 606 |
_aТеоретическая механика _jСъезды, совещания и т.п _9968594 _3RU\NLR\AUTH\6644041 |
||
| 606 | 1 |
_aПрикладная механика _jСъезды, совещания и т.п _9983097 _3RU\NLR\AUTH\66370323 |
|
| 686 | 1 | _aВ2я431(2) | |
| 710 | 1 | 2 |
_aВсероссийский съезд по фундаментальным проблемам теоретической и прикладной механики _d12 _eУфа _f2019 _9679097 _3RU\NLR\AUTH\880509421 |
| 852 |
_aNLR _b2021-3/8729 |
||
| 942 | _cBOOK | ||